000 01702nam a22004217a 4500
003 CHAP
005 20220329143319.0
008 080521d2007 mx r 00110 spa d
010 _a94832
011 _a95804
035 _a106435
040 _cCHAP
090 _aTesis
100 1 _aVázquez Martínez, Verónica.
_9120428
245 1 0 _aFactores determinantes del crecimiento económico del subsector cárnico del municipio de San Pedro de las Colonias, Coahuila, México de 1990 a 2004
_c/por Verónica Vázquez Martínez
260 _aBermejillo, Dgo. :
_bEl autor,
_c2007
300 _a84 h. :
_bgráfs. ; cuadros
502 _aTesis (Ing. Agr. en Sistemas Pecuarios de Zonas Áridas) -- UACH. Unidad Regional Universitaria de Zonas Áridas
530 _aTambién disponible en línea
590 _aALEPH
_b10
_c20130110
_lUCH01
_h1522
590 _aBATCH-UPD
_b10
_c20130110
_lUCH01
_h0520
590 _aBATCH-UPD
_b10
_c20130410
_lUCH01
_h0159
590 _aBATCH-UPD
_b10
_c20130914
_lUCH01
_h0848
590 _aBATCH-UPD
_b10
_c20140324
_lUCH01
_h1506
590 _aBATCH-UPD
_b10
_c20141002
_lUCH01
_h0836
590 _aCONVERSION
_b10
_c20130109
_lUCH01
_h1352
650 1 4 _aCarne
_xAbastecimiento
_zCoahuila.
_919058
650 1 4 _aCarne
_xConsumo.
_919067
650 1 4 _aCarne
_xMercadeo
_zCoahuila.
_919100
650 1 4 _aCarne
_xPrecios.
_919104
650 1 4 _aCarne
_xProducción.
_919109
650 1 4 _aMataderos.
_972885
856 _3Finding aid
_uhttp://10.13.5.2/tesis/106435.pdf
_zTeclea aqui
901 _aBK
942 _cFOLL
949 _aTesis
_bBC
_cTES
_d33724002056926
_eTS2
_fc.2
_gDonaciØn
_h47672
_i106435
_sb
949 _aTesis
_bBC
_cTES
_d33724002056967
_eTS1
_gDonaciØn
_h47671
_i106435
_sb
999 _c94832
_d94832